Formel 1 Podium 1986 - Statistiken

Allgemein
  • Dieses Quiz wurde 78 mal gespielt
  • Das Durchschnittsergebnis liegt bei 7 aus 9
Antwortstatistiken
Antwort % Korrekt
Alain Prost
100%
Ayrton Senna
98%
Nigel Mansell
93%
Nelson Piquet
89%
Gerhard Berger
78%
Michele Alboreto
65%
Keke Rosberg
63%
Stefan Johansson
48%
Jacques Laffite
41%
Keine übereinstimmenden Quizze gefunden
Verteilung der Resultate
Anzahl Personen mit jedem Resultat
Perzentil nach korrekt beantworteten Fragen
Ihre Resultats-Entwicklung
Sie haben dieses Quiz noch nicht gespielt